000 00145 a2200085 4500
041 _aspa
100 _aAnonimo
245 _aLa Promesa
942 _cBK
999 _c10633
_d10633